Statistiken für Nenne alle Stunden am Tag

Klicken Sie hier um das Quiz zu spielen!

Allgemein

  • Dieses Quiz wurde 104 mal gespielt
  • Das Durchschnittsergebnis liegt bei 18 aus 24

Antwortstatistiken

Stundenanzahl/Uhrzeit% Korrekt
0
98%
1
97%
2
95%
3
88%
4
88%
5
88%
6
86%
7
85%
8
85%
9
85%
10
83%
11
80%
12
75%
13
73%
14
73%
15
69%
16
68%
17
66%
18
61%
19
56%
20
49%
21
47%
22
41%
23
36%

Verteilung der Resultate

Perzentil nach korrekt beantworteten Fragen

Anzahl Personen mit jedem Resultat

Ihre Resultats-Entwicklung

Sie haben dieses Quiz noch nicht gespielt